000
00230nam a2200109Ia 4500
100
_a
Jensin
942
_c
BK
654
_a
Materials
245
_a
Statics & Strength of Materials
260
_b
McGraw Hill
_c
2001
546
_a
ENGLISH
999
_c
24456
_d
24456